[Event "N�_LL 2008/09"]
[Site "?"]
[Date "2009.01.11"]
[Round "8"]
[White "Hangweyrer, Manfred"]
[Black "Kummer, Helmut"]
[Result "1/2-1/2"]
[WhiteElo "2323"]
[BlackElo "2370"]
[Annotator "Bad V�slau/Kottingbrunn : Stockerau"]
[PlyCount "27"]
[EventDate "2008.11.10"]
[SourceDate "2009.01.23"]

1. e4 e5 2. Nf3 Nc6 3. Bc4 Bc5 4. c3 Nf6 5. d3 d6 6. Bb3 O-O 7. Nbd2 a6 8. O-O
Re8 9. Re1 Be6 10. Nf1 Bxb3 11. Qxb3 h6 12. Be3 Bxe3 13. Nxe3 Rb8 14. a4
1/2-1/2

[Event "N�_LL 2008/09"]
[Site "?"]
[Date "2009.01.11"]
[Round "8"]
[White "Zojer, Thomas"]
[Black "Gr�tz, Harald"]
[Result "0-1"]
[WhiteElo "2079"]
[BlackElo "2364"]
[Annotator "Bad V�slau/Kottingbrunn : Stockerau"]
[PlyCount "77"]
[EventDate "2008.11.10"]
[SourceDate "2009.01.23"]

1. d4 Nf6 2. Nf3 g6 3. c4 Bg7 4. Nc3 O-O 5. e4 d6 6. Be2 e5 7. d5 a5 8. O-O Na6
9. Ne1 Nd7 10. Nd3 f5 11. f4 Nac5 12. exf5 Nxd3 13. Bxd3 gxf5 14. Ne2 Qf6 15.
Rb1 c6 16. Bc2 Nc5 17. Be3 Na6 18. a3 cxd5 19. cxd5 Bd7 20. Ng3 exf4 21. Bxf4
Kh8 22. Rf2 Qg6 23. Be3 Rae8 24. Bd4 Be5 25. Ne2 Qf6 26. Rf4 Bb5 27. Rxf5 Qxf5
28. Bxf5 Bxe2 29. Bxe5+ Rxe5 30. Qd4 Rfxf5 31. Re1 Bh5 32. Rc1 Kg8 33. Rc8+ Kf7
34. Qh4 Bg6 35. Rd8 Re7 36. g4 Rf6 37. g5 Rf5 38. Qg3 Rxd5 39. Rxd6 0-1

[Event "N�_LL 2008/09"]
[Site "?"]
[Date "2009.01.11"]
[Round "8"]
[White "Sadilek, Maximilian"]
[Black "Lampl, Gerald"]
[Result "1-0"]
[WhiteElo "2156"]
[BlackElo "2155"]
[Annotator "Bad V�slau/Kottingbrunn : Stockerau"]
[PlyCount "53"]
[EventDate "2008.11.10"]
[SourceDate "2009.01.27"]

1. d4 Nf6 2. Nf3 g6 3. c4 Bg7 4. Nc3 O-O 5. e4 d6 6. h3 e5 7. d5 a5 8. Bg5 h6
9. Be3 Na6 10. g4 Nc5 11. Nd2 Ne8 12. h4 Kh7 13. Be2 f5 14. exf5 gxf5 15. g5 b6
16. Qc2 Qe7 17. O-O-O Kh8 18. gxh6 Bf6 19. Rdg1 f4 20. Bxc5 dxc5 21. Bg4 Nd6
22. Nde4 Qh7 23. Nxd6 cxd6 24. Qxh7+ Kxh7 25. Ne4 Be7 26. Bxc8 Raxc8 27. Rg7+
1-0

[Event "N�_LL 2008/09"]
[Site "?"]
[Date "2009.01.11"]
[Round "8"]
[White "Zojer, Stefan"]
[Black "Schmid, Thomas"]
[Result "0-1"]
[WhiteElo "2044"]
[BlackElo "2188"]
[Annotator "Bad V�slau/Kottingbrunn : Stockerau"]
[PlyCount "56"]
[EventDate "2008.11.10"]
[SourceDate "2009.01.27"]

1. e4 c5 2. Nf3 d6 3. d4 cxd4 4. Nxd4 Nf6 5. Nc3 a6 6. Bc4 e6 7. Bb3 b5 8. Bg5
Be7 9. Qf3 Qc7 10. e5 Bb7 11. exd6 Bxd6 12. Qe3 b4 13. Nf5 O-O 14. Nh6+ Kh8 15.
Ne2 Ne4 16. O-O-O Nxg5 17. Qxg5 Be7 18. Nxf7+ Rxf7 19. Qe3 Bd5 20. Rxd5 exd5
21. Bxd5 Bc5 22. Qb3 Ra7 23. Bxf7 Qxf7 24. Rd1 Rd7 25. Qxf7 Rxf7 26. f3 Rd7 27.
Re1 Bf2 28. Rd1 Be3+ 0-1

[Event "N�_LL 2008/09"]
[Site "Bachwirt, Ardaggerstr. 28"]
[Date "2009.01.11"]
[Round "8"]
[White "Heimberger, Reinhard"]
[Black "Sandhoefner, Florian"]
[Result "1/2-1/2"]
[WhiteElo "2219"]
[BlackElo "2244"]
[Annotator "Amstetten : B�hlerwerk"]
[PlyCount "24"]
[EventDate "2008.11.30"]
[SourceDate "2009.01.11"]

1. c4 c6 2. e4 d5 3. exd5 cxd5 4. cxd5 Nf6 5. Nc3 Nxd5 6. Bc4 Nb6 7. Bb3 Nc6 8.
Nf3 Bf5 9. d4 e6 10. O-O Be7 11. Bf4 O-O 12. d5 exd5 1/2-1/2

[Event "N�_LL 2008/09"]
[Site "Bachwirt, Ardaggerstr. 28"]
[Date "2009.01.11"]
[Round "8"]
[White "Bachmayer, Josef"]
[Black "Ebner, Johann"]
[Result "1/2-1/2"]
[WhiteElo "2062"]
[BlackElo "2055"]
[Annotator "Amstetten : B�hlerwerk"]
[PlyCount "22"]
[EventDate "2008.11.30"]
[SourceDate "2009.01.11"]

1. d4 e6 2. e4 d5 3. Nc3 Nf6 4. e5 Nfd7 5. f4 c5 6. Nf3 Nc6 7. Be3 cxd4 8. Nxd4
Bc5 9. Qd2 Nxd4 10. Bxd4 Bxd4 11. Qxd4 Qb6 1/2-1/2

[Event "N�_LL 2008/09"]
[Site "?"]
[Date "2009.01.11"]
[Round "8"]
[White "Lehner, Oliver"]
[Black "Kleiser, Gregor"]
[Result "1-0"]
[WhiteElo "2405"]
[BlackElo "2285"]
[Annotator "Niederabsdorf : St.P�lten"]
[PlyCount "39"]
[EventDate "2009.??.??"]
[SourceDate "2009.01.12"]

1. d4 d5 2. c4 dxc4 3. Nf3 Nf6 4. e3 e6 5. Bxc4 Be7 6. Nc3 a6 7. a4 c5 8. O-O
O-O 9. Qe2 Nc6 10. Rd1 cxd4 11. exd4 Nb4 12. Bg5 Nbd5 13. Ne5 Bd7 14. Bxd5 Nxd5
15. Nxd5 exd5 16. Nxd7 Re8 17. Bxe7 Qxd7 18. Re1 Rac8 19. Kf1 h6 20. Ra3 1-0

[Event "N�_LL 2008/09"]
[Site "?"]
[Date "2009.01.11"]
[Round "8"]
[White "Neumeier, Klaus"]
[Black "Hansen, Kay"]
[Result "1-0"]
[WhiteElo "2302"]
[BlackElo "2243"]
[Annotator "Niederabsdorf : St.P�lten"]
[PlyCount "33"]
[EventDate "2009.??.??"]
[SourceDate "2009.01.12"]

1. e4 c6 2. d4 d5 3. e5 Bf5 4. Nd2 e6 5. Nb3 Nd7 6. Nf3 Qc7 7. Be2 Ne7 8. O-O
f6 9. Bd3 Bxd3 10. Qxd3 O-O-O 11. Re1 fxe5 12. Nxe5 Nf5 13. Nf7 Nc5 14. dxc5
Qxf7 15. Bf4 Re8 16. Qc3 Rg8 17. Qe5 1-0

[Event "N�_LL 2008/09"]
[Site "?"]
[Date "2009.01.11"]
[Round "8"]
[White "P�tz, Florian"]
[Black "R�hrl, Karl"]
[Result "1/2-1/2"]
[WhiteElo "2173"]
[BlackElo "2218"]
[Annotator "Niederabsdorf : St.P�lten"]
[PlyCount "58"]
[EventDate "2009.??.??"]
[SourceDate "2009.01.12"]

1. e4 c5 2. Nf3 e6 3. d4 cxd4 4. Nxd4 a6 5. Nc3 Qc7 6. Bd3 Nf6 7. f4 d6 8. Qe2
Nbd7 9. Bd2 Be7 10. Nb3 b5 11. O-O Bb7 12. a4 b4 13. Nd1 a5 14. Kh1 O-O 15. c3
Nc5 16. Nxc5 dxc5 17. e5 Nd7 18. b3 Rfd8 19. Nf2 bxc3 20. Bxc3 c4 21. bxc4 Nc5
22. Bc2 Qc6 23. Rg1 g6 24. Rab1 Bh4 25. Rb5 Bxf2 26. Qxf2 Ne4 27. Bxe4 Qxe4 28.
Bxa5 Rdc8 29. Rd1 Qxc4 1/2-1/2

[Event "N�_LL 2008/09"]
[Site "?"]
[Date "2009.01.11"]
[Round "8"]
[White "Schwarhofer, Christopher"]
[Black "Wallner, Erich"]
[Result "1/2-1/2"]
[WhiteElo "2255"]
[BlackElo "2180"]
[Annotator "Niederabsdorf : St.P�lten"]
[PlyCount "91"]
[EventDate "2009.??.??"]
[SourceDate "2009.01.12"]

1. e4 c6 2. d4 d5 3. Nc3 g6 4. Bf4 dxe4 5. Nxe4 Bg7 6. c3 Nh6 7. Qd2 Nf5 8. Nf3
O-O 9. h4 h5 10. Bc4 Nd6 11. Bd3 Nxe4 12. Bxe4 Nd7 13. Bc2 Nb6 14. Ne5 Be6 15.
b3 Nd5 16. Bh6 Qa5 17. c4 Nb4 18. O-O Bxh6 19. Qxh6 Nxc2 20. Nf3 g5 21. Rac1
Qf5 22. hxg5 Nb4 23. g6 fxg6 24. Ng5 Rf7 25. Rce1 Bd7 26. Re5 Qf6 27. Nxf7 Qxf7
28. Qd2 Na6 29. Rfe1 Re8 30. Qg5 Kf8 31. R1e3 Bg4 32. Qh6+ Kg8 33. Rg5 Bf5 34.
Reg3 Qh7 35. Rxg6+ Bxg6 36. Rxg6+ Kh8 37. Qg5 Rg8 38. Qe5+ Rg7 39. Rg5 Kg8 40.
Qe6+ Kh8 41. Qc8+ Rg8 42. Rxg8+ Qxg8 43. Qxb7 Qg5 44. Qxa6 Qc1+ 45. Kh2 Qf4+
46. Kg1 1/2-1/2

[Event "N�_LL 2008/09"]
[Site "?"]
[Date "2009.01.11"]
[Round "8"]
[White "Penz, Harald"]
[Black "Bawart, Markus"]
[Result "0-1"]
[WhiteElo "2323"]
[BlackElo "2349"]
[Annotator "Baden : Mauerbach"]
[PlyCount "88"]
[EventDate "2008.11.10"]
[SourceDate "2009.01.27"]

1. e4 d5 2. exd5 Qxd5 3. Nc3 Qd6 4. Bc4 Nf6 5. Nge2 a6 6. O-O b5 7. Bd3 Bb7 8.
Ng3 Nbd7 9. Nge4 Qc6 10. Re1 h5 11. Qf3 h4 12. Nxf6+ Nxf6 13. Qxc6+ Bxc6 14.
Ne4 h3 15. Nxf6+ gxf6 16. g3 e6 17. a4 b4 18. Be4 Kd7 19. d3 f5 20. Bxc6+ Kxc6
21. Bf4 Rd8 22. b3 Rd5 23. Re2 Bg7 24. Rae1 Bc3 25. Bd2 Rhd8 26. Bxc3 bxc3 27.
f3 Kc5 28. Kf2 Kb4 29. Ra1 a5 30. Re3 Rd4 31. Re5 c6 32. Rae1 R8d6 33. f4 Rd8
34. R1e2 R4d5 35. Rxd5 Rxd5 36. Ke1 Ka3 37. Kd1 Kb2 38. Re3 f6 39. Rxe6 Rxd3+
40. Ke1 Rxg3 41. Rxf6 Rg1+ 42. Kf2 Rg2+ 43. Ke3 Rxc2 44. Rxf5 Rxh2 0-1

[Event "N�_LL 2008/09"]
[Site "?"]
[Date "2009.01.11"]
[Round "8"]
[White "Geismann, Bernhard"]
[Black "Schorn, Christoph"]
[Result "0-1"]
[WhiteElo "2062"]
[BlackElo "2166"]
[Annotator "Baden : Mauerbach"]
[PlyCount "64"]
[EventDate "2008.11.10"]
[SourceDate "2009.01.27"]

1. Nc3 c5 2. e4 d6 3. f4 Nc6 4. Nf3 e6 5. Bb5 Bd7 6. O-O Be7 7. d4 cxd4 8. Nxd4
a6 9. Nxc6 bxc6 10. Bd3 d5 11. Be3 Rb8 12. f5 Rxb2 13. Bd4 Bf6 14. e5 Be7 15.
Qg4 Bf8 16. Be3 Nh6 17. Bxh6 gxh6 18. f6 Qb8 19. Rae1 Qb4 20. Rb1 Qxc3 21. Qa4
Qxe5 22. Qxa6 Bc5+ 23. Kh1 O-O 24. Bxh7+ Kxh7 25. Qd3+ Kh8 26. Rbe1 Qg5 27. Qc3
Rb5 28. a4 Bb4 29. Qa1 Bxe1 30. axb5 Rg8 31. g3 Bd2 32. b6 Qe3 0-1

[Event "N�_LL 2008/09"]
[Site "?"]
[Date "2009.01.11"]
[Round "8"]
[White "Bechmann, Gerhard"]
[Black "Rudolf, Herbert"]
[Result "1-0"]
[WhiteElo "2060"]
[BlackElo "2097"]
[Annotator "Baden : Mauerbach"]
[PlyCount "107"]
[EventDate "2008.11.10"]
[SourceDate "2009.01.27"]

1. Nc3 d5 2. d4 Nf6 3. g3 c5 4. Bg2 cxd4 5. Qxd4 Nc6 6. Qd3 d4 7. Ne4 e5 8. e3
Nxe4 9. Bxe4 Bb4+ 10. Kf1 h6 11. Kg2 O-O 12. Nf3 dxe3 13. Qxd8 Rxd8 14. Bxe3
Bd7 15. Rad1 f5 16. Bd5+ Kh7 17. c3 Be7 18. Rhe1 Bf6 19. Bc5 b6 20. Ba3 Rac8
21. Nd2 b5 22. Nb3 a5 23. Bc5 a4 24. Nc1 e4 25. Bb6 Re8 26. Bf7 Re7 27. Rxd7
Rxd7 28. Be6 Ne5 29. Bxf5+ g6 30. Bxd7 Nxd7 31. Ba5 a3 32. bxa3 Bxc3 33. Bxc3
Rxc3 34. Rxe4 Nc5 35. Re7+ Kg8 36. Ne2 Rxa3 37. Re5 Nd3 38. Rxb5 Rxa2 39. Rb3
Rxe2 40. Rxd3 Kf7 41. h4 h5 42. Kf3 Ra2 43. Ke3 Kf6 44. Rb3 Kf5 45. Rb5+ Kf6
46. Rd5 Ra3+ 47. Ke4 Ra4+ 48. Rd4 Ra6 49. Kf4 Rb6 50. f3 Ra6 51. g4 hxg4 52.
fxg4 Ra1 53. Rd6+ Kf7 54. Kg5 1-0

[Event "N�_LL 2008/09"]
[Site "?"]
[Date "2009.01.11"]
[Round "8"]
[White "Perdl, Johann"]
[Black "Descovich, Nicolai"]
[Result "0-1"]
[WhiteElo "1995"]
[BlackElo "2072"]
[Annotator "Baden : Mauerbach"]
[PlyCount "58"]
[EventDate "2008.11.10"]
[SourceDate "2009.01.27"]

1. e4 c5 2. c3 e6 3. d4 d5 4. Nd2 Nc6 5. Ngf3 Nf6 6. e5 Nd7 7. Bd3 Qb6 8. O-O
cxd4 9. cxd4 Nxd4 10. Nxd4 Qxd4 11. Nf3 Qb6 12. Qc2 h6 13. Bd2 Bb4 14. Bf4 g5
15. Bg3 Nc5 16. Bh7 Bd7 17. a3 Ba4 18. Qb1 Nb3 19. axb4 Nxa1 20. Qxa1 Bb5 21.
Bc2 Bxf1 22. Qxf1 Qxb4 23. Qd1 Rc8 24. h4 Qxb2 25. Nd4 Rc4 26. Ba4+ Ke7 27.
Nf5+ exf5 28. Qxd5 Rc1+ 29. Kh2 Rd8 0-1

[Event "N�_LL 2008/09"]
[Site "?"]
[Date "2009.01.11"]
[Round "8"]
[White "Sadilek, Peter"]
[Black "Janetschek, Karl"]
[Result "0-1"]
[WhiteElo "2167"]
[BlackElo "2244"]
[Annotator "Zwettl : Bisamberg/Korneuburg"]
[PlyCount "52"]
[EventDate "2008.11.10"]
[SourceDate "2009.01.30"]

1. Nf3 g6 2. e4 c5 3. d4 cxd4 4. Qxd4 Nf6 5. Bb5 Nc6 6. Bxc6 dxc6 7. Qxd8+ Kxd8
8. Nc3 Nd7 9. Bf4 f6 10. e5 g5 11. Bg3 g4 12. Nd4 Nxe5 13. O-O-O Ke8 14. Rhe1
Ng6 15. Ndb5 cxb5 16. Nxb5 Bh6+ 17. Kb1 Kf7 18. Nc7 Bf5 19. Nxa8 Rxa8 20. Rd5
e5 21. Rc5 Rc8 22. Rxc8 Bxc8 23. f3 gxf3 24. gxf3 Bd7 25. Bf2 a6 26. Be3 Bf4
0-1

[Event "N�_LL 2008/09"]
[Site "?"]
[Date "2009.01.11"]
[Round "8"]
[White "Vykydal, Frantisek"]
[Black "Wetscherek, Gerhard"]
[Result "1/2-1/2"]
[WhiteElo "2242"]
[BlackElo "2107"]
[Annotator "Zwettl : Bisamberg/Korneuburg"]
[PlyCount "42"]
[EventDate "2008.11.10"]
[SourceDate "2009.01.30"]

1. e4 d6 2. Nc3 g6 3. g3 Bg7 4. Bg2 Nf6 5. d3 c6 6. h3 Qc7 7. Be3 e5 8. Qd2 b5
9. a3 Nbd7 10. Bh6 O-O 11. Nge2 a6 12. O-O Nc5 13. Bxg7 Kxg7 14. d4 Ncd7 15. f4
Bb7 16. Rf2 Rad8 17. Raf1 exd4 18. Nxd4 c5 19. Nde2 b4 20. axb4 cxb4 21. Nd5
Nxd5 1/2-1/2

[Event "N�_LL 2008/09"]
[Site "?"]
[Date "2009.01.11"]
[Round "8"]
[White "Pammer, Andreas"]
[Black "Mlynek, Petr"]
[Result "0-1"]
[WhiteElo "2120"]
[BlackElo "2196"]
[Annotator "Zwettl : Bisamberg/Korneuburg"]
[PlyCount "106"]
[EventDate "2008.11.10"]
[SourceDate "2009.01.30"]

1. c4 c6 2. e4 d5 3. exd5 cxd5 4. d4 Nf6 5. Nc3 e6 6. Nf3 Bb4 7. Bd3 dxc4 8.
Bxc4 O-O 9. O-O b6 10. Ne5 Bb7 11. Bg5 Be7 12. Qd3 Nbd7 13. Rad1 Nd5 14. Bxd5
Bxd5 15. Bxe7 Qxe7 16. Nxd5 exd5 17. Rfe1 Nxe5 18. Rxe5 Qd7 19. Qf3 Rad8 20.
Rde1 Qa4 21. Rxd5 Qxa2 22. Rxd8 Rxd8 23. Qc6 h6 24. Qc3 Qd5 25. Rd1 Re8 26. Qd3
Qe4 27. Kf1 Kf8 28. Qxe4 Rxe4 29. Rd3 Ke7 30. Re3 f5 31. Ke2 Kd6 32. Kd3 Kd5
33. Kc3 Rxe3+ 34. fxe3 a5 35. b3 b5 36. g3 g5 37. Kd3 a4 38. bxa4 bxa4 39. Kc3
h5 40. Kb4 f4 41. gxf4 g4 42. f5 h4 43. e4+ Kd6 44. e5+ Ke7 45. f6+ Kf7 46. Kc5
g3 47. hxg3 hxg3 48. Kd6 g2 49. e6+ Kxf6 50. e7 g1=Q 51. e8=Q Qxd4+ 52. Kc6
Qc4+ 53. Kb7 Qf7+ 0-1

[Event "N�_LL 2008/09"]
[Site "?"]
[Date "2009.01.11"]
[Round "8"]
[White "Zwettler, Martin"]
[Black "Kretschy, Erich"]
[Result "1/2-1/2"]
[WhiteElo "2145"]
[BlackElo "1994"]
[Annotator "Zwettl : Bisamberg/Korneuburg"]
[PlyCount "30"]
[EventDate "2008.11.10"]
[SourceDate "2009.01.30"]

1. d4 Nf6 2. Bg5 Ne4 3. Bf4 d5 4. e3 e6 5. Bd3 b6 6. Nd2 Nxd2 7. Qxd2 Bd6 8.
Bg3 Ba6 9. Nf3 c5 10. Bxa6 Nxa6 11. Qe2 c4 12. e4 O-O 13. e5 Be7 14. h4 b5 15.
Bf4 Qa5+ 1/2-1/2

[Event "N�_LL 2008/09"]
[Site "?"]
[Date "2009.01.25"]
[Round "6"]
[White "Lovrinovic, Christian"]
[Black "Schroll, Gerhard"]
[Result "0-1"]
[WhiteElo "2178"]
[BlackElo "2395"]
[Annotator "Wr.Neustadt : B�hlerwerk"]
[PlyCount "68"]
[EventDate "2009.01.25"]
[SourceDate "2009.01.25"]

1. d4 e6 2. c4 b6 3. Nf3 Bb7 4. Nc3 Nf6 5. Bg5 h6 6. Bh4 g5 7. Bg3 Nh5 8. e3
Nxg3 9. hxg3 Bg7 10. Qc2 d6 11. Bd3 Nd7 12. Be4 c6 13. Nh2 f5 14. Bd3 Qf6 15.
g4 f4 16. Bg6+ Kd8 17. O-O-O Kc7 18. Be4 Rac8 19. Kb1 (19. d5 cxd5 20. cxd5
fxe3 21. fxe3 Nc5 22. Rhf1 Qe7 23. dxe6 Qxe6) 19... Kb8 20. Qb3 d5 21. Bd3 Rhd8
22. Nf3 fxe3 23. fxe3 Qe7 24. Rhe1 Nf6 (24... Qd6) 25. Ne5 (25. e4) 25... dxc4
26. Bxc4 Nd5 27. Ng6 Qe8 28. Bd3 (28. Ne5 c5) 28... c5 29. Ne5 Bxe5 30. dxe5
Qh8 31. Nxd5 Rxd5 32. Bc4 (32. e4 c4 33. Bxc4 Rxd1+ 34. Rxd1 Bxe4+ 35. Ka1 Rc5
36. a4 Qxe5 37. Bxe6 Bxg2) 32... Rxd1+ 33. Rxd1 Qxe5 34. Bxe6 Qe4+ 0-1

[Event "N�_LL 2008/09"]
[Site "?"]
[Date "2009.01.25"]
[Round "6"]
[White "Steiner, Adam"]
[Black "Strobel, Ferdinand"]
[Result "1-0"]
[WhiteElo "2184"]
[BlackElo "2047"]
[Annotator "Wr.Neustadt : B�hlerwerk"]
[PlyCount "41"]
[EventDate "2009.01.25"]
[SourceDate "2009.01.25"]

1. e4 e5 2. Nf3 f5 3. Bc4 fxe4 4. Nxe5 Qg5 5. d4 Qxg2 6. Qh5+ g6 7. Bf7+ Kd8 8.
Qg5+ Qxg5 9. Bxg5+ Be7 10. Bb3 Bxg5 11. Nf7+ Ke7 12. Nxg5 (12. Nxh8) 12... Nf6
13. Nc3 d5 14. Nxd5+ Nxd5 15. Bxd5 Rd8 16. Bxe4 Rxd4 17. c3 Ra4 18. O-O-O (18.
b3 Ra5 19. Nxh7) 18... h6 19. Rhe1 Kf6 20. Nh7+ Kg7 21. Bxb7 1-0

[Event "N�_LL 2008/09"]
[Site "?"]
[Date "2009.01.25"]
[Round "6"]
[White "Neumann, Christian"]
[Black "Posch, Werner"]
[Result "1/2-1/2"]
[WhiteElo "1953"]
[BlackElo "2198"]
[Annotator "Wr.Neustadt : B�hlerwerk"]
[PlyCount "95"]
[EventDate "2009.01.25"]
[SourceDate "2009.01.25"]

1. e4 Nf6 2. e5 Nd5 3. d4 d6 4. c4 Nb6 5. exd6 exd6 6. Be3 Be7 7. Bd3 Nc6 8.
Nc3 O-O 9. Nge2 Nb4 10. O-O Nxd3 11. Qxd3 d5 12. b3 c6 13. Rad1 g6 14. c5 Bf5
15. Qd2 Nd7 16. f3 Re8 17. g4 Be6 18. Nf4 Bf8 19. Rfe1 Bg7 20. Nce2 Nf8 21. Kg2
Bd7 22. a3 a5 23. h3 f5 24. Ng3 fxg4 25. hxg4 b6 26. Nge2 Rb8 27. b4 bxc5 28.
dxc5 Qc8 29. Bf2 axb4 30. axb4 Be5 (30... Qb7) 31. Bg3 Qc7 (31... Bc7) 32. Nc1
Rbd8 33. Ncd3 (33. Nxd5) 33... Bxf4 34. Bxf4 Qb7 35. Be5 Be6 36. Bd4 Bc8 37.
Nf4 Qf7 38. Nh3 Ne6 39. Ng5 Qf4 40. Nxe6 Qxd2+ 41. Rxd2 Rxe6 42. Rxe6 Bxe6 43.
Ra2 Rb8 44. Ra4 h5 45. Kg3 hxg4 46. fxg4 Bd7 47. g5 Bf5 48. Bf6 1/2-1/2

[Event "N�_LL 2008/09"]
[Site "?"]
[Date "2009.01.25"]
[Round "6"]
[White "Wiedner, Robert"]
[Black "Brandst�tter, Friedrich"]
[Result "1-0"]
[WhiteElo "2179"]
[BlackElo "2013"]
[Annotator "Wr.Neustadt : B�hlerwerk"]
[PlyCount "117"]
[EventDate "2009.01.25"]
[SourceDate "2009.01.25"]

1. Nf3 c5 2. c3 d5 3. d4 e6 4. g3 Nf6 5. Bg2 Be7 6. O-O O-O 7. Ne5 b6 8. Nd2
Bb7 9. a3 a5 10. Ndf3 b5 11. Bg5 Nfd7 12. Bxe7 Qxe7 13. e3 Nxe5 14. Nxe5 f6 15.
Nd3 Nd7 16. b4 c4 17. Nc5 Bc6 18. Qd2 Ra7 19. f4 f5 20. Bf3 Rfa8 21. Rab1 Nf6
22. Rb2 Be8 23. Qe2 axb4 24. axb4 Ra3 25. Rc2 Bg6 26. Kg2 R8a7 27. Rfc1 h6 28.
h3 Kh7 29. Rb2 Kg8 30. Rcc2 Kf7 31. Ra2 Qc7 32. Kf2 Ke7 33. Rxa3 Rxa3 34. Ra2
Qa7 35. Rxa3 Qxa3 36. Qc2 Bh7 37. Qd2 Qa1 38. Bd1 Bg6 39. g4 fxg4 40. hxg4 Ne4+
41. Nxe4 Bxe4 42. g5 hxg5 43. fxg5 Qb1 44. Kg3 Bf5 45. Bf3 Bg6 46. Bg4 Qe4 47.
Qf2 Bf5 48. Bh5 Qb1 49. Bf3 Bg6 50. Qh2 Qf5 51. Qh4 Qb1 52. Qh8 Kf7 53. Qh2 Qf5
(53... Qd3) 54. Qh4 Qb1 55. Qf4+ Qf5 (55... Bf5 56. Bh5+ Kg8) 56. Bg4 (56. e4)
56... Qxf4+ 57. Kxf4 Ke7 58. Ke5 Bf7 59. g6 1-0

[Event "N�_LL 2008/09"]
[Site "?"]
[Date "2009.02.01"]
[Round "9"]
[White "Mahdy, Khaled"]
[Black "Trkulja, Zoran"]
[Result "1/2-1/2"]
[WhiteElo "2388"]
[BlackElo "2211"]
[Annotator "Bisamberg/Korneuburg : Krems"]
[PlyCount "39"]
[EventDate "2008.11.10"]
[SourceDate "2009.02.07"]

1. e4 e6 2. d4 d5 3. Nd2 a6 4. Ngf3 Nf6 5. Bd3 c5 6. exd5 exd5 7. O-O c4 8.
Re1+ Be7 9. Bf1 O-O 10. Ne5 Nfd7 11. Ndf3 Nxe5 12. Nxe5 Nd7 13. Be3 Bd6 14. Bf4
Nxe5 15. Bxe5 Bf5 16. c3 Re8 17. Qd2 Bf8 18. f3 b5 19. Bg3 Qb6 20. a3 1/2-1/2

[Event "N�_LL 2008/09"]
[Site "?"]
[Date "2009.02.01"]
[Round "9"]
[White "Sadilek, Peter"]
[Black "Winiwarter, Felix"]
[Result "0-1"]
[WhiteElo "2167"]
[BlackElo "2189"]
[Annotator "Bisamberg/Korneuburg : Krems"]
[PlyCount "68"]
[EventDate "2008.11.10"]
[SourceDate "2009.02.07"]

1. d4 d5 2. c4 c6 3. Nf3 Nf6 4. Nc3 dxc4 5. a4 Bf5 6. e3 e6 7. Bxc4 Bb4 8. O-O
O-O 9. Nh4 Bg6 10. Nxg6 hxg6 11. Qb3 Qe7 12. a5 Nbd7 13. f4 b5 14. Bd3 a6 15.
Bd2 c5 16. dxc5 Bxc5 17. Kh1 Ng4 18. Nd1 Rfd8 19. Be4 Rac8 20. Bf3 Ndf6 21. Be1
e5 22. Bh4 Rxd1 23. Rfxd1 Nxe3 24. fxe5 Qxe5 25. Re1 Ne4 26. Rac1 Re8 27. Rxe3
Bxe3 28. Re1 Nd2 29. Qd5 Qxb2 30. Qc6 Re6 31. Qc8+ Kh7 32. Bd5 Bg5 33. Bxe6
Bxh4 34. g3 Nf3 0-1

[Event "N�_LL 2008/09"]
[Site "?"]
[Date "2009.02.01"]
[Round "9"]
[White "W�ber, Friedrich"]
[Black "Reinwald, Patrick"]
[Result "1/2-1/2"]
[WhiteElo "2131"]
[BlackElo "2041"]
[Annotator "Bisamberg/Korneuburg : Krems"]
[PlyCount "53"]
[EventDate "2008.11.10"]
[SourceDate "2009.02.07"]

1. e4 d6 2. d4 Nf6 3. Nc3 g6 4. f4 Bg7 5. Nf3 c5 6. Bb5+ Bd7 7. Bxd7+ Nfxd7 8.
d5 b5 9. O-O b4 10. Ne2 O-O 11. f5 Ne5 12. Qe1 Nbd7 13. Qh4 e6 14. Bg5 f6 15.
Bd2 exf5 16. exf5 g5 17. Qg3 Nxf3+ 18. Qxf3 Ne5 19. Qe4 Re8 20. Rae1 Qb6 21.
Ng3 h6 22. Qe2 Re7 23. Qd1 Rae8 24. h4 Nf7 25. Re6 c4+ 26. Kh1 Qd4 27. Qe1
1/2-1/2

[Event "N�_LL 2008/09"]
[Site "?"]
[Date "2009.02.01"]
[Round "9"]
[White "Wetscherek, Gerhard"]
[Black "Polsterer, Heinz"]
[Result "1-0"]
[WhiteElo "2107"]
[BlackElo "1973"]
[Annotator "Bisamberg/Korneuburg : Krems"]
[PlyCount "79"]
[EventDate "2008.11.10"]
[SourceDate "2009.02.07"]

1. e4 d5 2. exd5 Qxd5 3. Nf3 Bg4 4. Be2 Nc6 5. Nc3 Qd7 6. h3 Bh5 7. d3 O-O-O 8.
Ne5 Nxe5 9. Bxh5 g6 10. Bf3 f5 11. Bf4 Nf7 12. Qe2 e5 13. Bd5 Bg7 14. O-O Ngh6
15. Bxh6 Nxh6 16. Qe3 Kb8 17. a4 f4 18. Qc5 Bf8 19. Qc4 Nf5 20. Rfe1 Bg7 21.
Be4 c6 22. b4 Nd4 23. Ne2 Qe7 24. Nxd4 Rxd4 25. Qa2 Rf8 26. c3 Rd7 27. b5 c5
28. Qc4 Qg5 29. Bf3 h5 30. a5 Qd8 31. a6 Rxd3 32. Qe4 Rd7 33. axb7 Qb6 34. Ra6
Qxb5 35. Rea1 Rfd8 36. Rxa7 Rd1+ 37. Kh2 Rxa1 38. Ra8+ Kc7 39. Rxa1 Qb6 40. Qc4
1-0

[Event "N�-LL 2009/09"]
[Site "?"]
[Date "2009.02.01"]
[Round "9"]
[White "Vykydal, Frantisek"]
[Black "Penz, Harald"]
[Result "0-1"]
[WhiteElo "2235"]
[BlackElo "2321"]
[Annotator "Mauerbach : Zwettl"]
[PlyCount "116"]
[EventDate "2009.02.01"]
[SourceDate "2009.02.01"]

1. e4 e5 2. Nf3 Nf6 3. Nc3 Nc6 4. Bb5 Nd4 5. Be2 d6 6. d3 Nxe2 7. Qxe2 Be7 8.
h3 O-O 9. Be3 d5 10. Bg5 d4 11. Bxf6 Bxf6 12. Nd5 Be6 13. Nxf6+ Qxf6 14. Qd2 c5
15. Qg5 Qxg5 16. Nxg5 Bd7 17. Nf3 f6 18. a4 Kf7 19. O-O Ke7 20. Nd2 g5 21. Rfb1
Rfc8 22. f3 Be6 23. b3 b6 24. Kf2 h5 25. Rh1 Kd6 26. g3 h4 27. g4 a6 28. Ra3
Kc6 29. Rha1 Kb7 30. Ke2 b5 31. axb5 axb5 32. Rxa8 Rxa8 33. Rxa8 Kxa8 34. Kd1
Kb7 35. Kc1 Kb6 36. Kb2 Ka5 37. Ka3 Bd7 38. Nf1 c4 39. bxc4 bxc4 40. Nd2 Kb5
41. f4 exf4 42. Nf3 Kc5 43. Kb2 Kb4 44. Nxd4 Be8 45. Nf3 Ba4 46. c3+ Kb5 47. d4
Bd1 48. Nh2 Be2 49. Kc1 Bd3 50. e5 fxe5 51. dxe5 Be4 52. Kd2 Kc5 53. Ke2 Kd5
54. Kf2 Kxe5 55. Nf1 Bd5 56. Nd2 Kd6 57. Ke1 Kc5 58. Kd1 Kb5 0-1

[Event "N�_LL 2008/09"]
[Site "?"]
[Date "2009.02.01"]
[Round "9"]
[White "Janetschek, Karl"]
[Black "Ponjican, Erich"]
[Result "1/2-1/2"]
[WhiteElo "2237"]
[BlackElo "2098"]
[Annotator "Mauerbach : Zwettl"]
[PlyCount "68"]
[EventDate "2009.02.01"]
[SourceDate "2009.02.01"]

1. e4 Nf6 2. e5 Nd5 3. d4 d6 4. Nf3 Bg4 5. h3 Bh5 6. g4 Bg6 7. e6 fxe6 8. Ng5
h6 9. Nxe6 Qd7 10. Qe2 Bf7 11. Nf4 Nxf4 12. Bxf4 g5 13. Be3 Qc6 14. Rg1 Qb6 15.
c3 Nd7 16. Qc2 O-O-O 17. Nd2 d5 18. O-O-O Bg6 19. Bd3 Bxd3 20. Qxd3 e6 21. f4
gxf4 22. Bxf4 c5 23. Rge1 Re8 24. Nf3 Bd6 25. Bxd6 Qxd6 26. Ne5 Nxe5 27. Rxe5
Rhf8 28. Qe3 cxd4 29. cxd4 Rf6 30. Kb1 Kb8 31. a3 a6 32. Re1 Ka7 33. Rh5 Qf8
34. Ka2 Rc8 1/2-1/2

[Event "N�_LL 2008/09"]
[Site "?"]
[Date "2009.02.01"]
[Round "9"]
[White "Descovich, Nicolai"]
[Black "Mlynek, Petr"]
[Result "0-1"]
[WhiteElo "2047"]
[BlackElo "2196"]
[Annotator "Mauerbach : Zwettl"]
[PlyCount "50"]
[EventDate "2009.02.01"]
[SourceDate "2009.02.01"]

1. e4 c6 2. c4 d5 3. exd5 cxd5 4. d4 Nf6 5. Nc3 e6 6. Nf3 Bb4 7. Qb3 Nc6 8.
cxd5 exd5 9. Bb5 O-O 10. O-O Bxc3 11. bxc3 Ne4 12. Ba3 Re8 13. Rfe1 Be6 14. Re3
Rc8 15. Rae1 Qb6 16. Rb1 Rc7 17. Qa4 a6 18. Bd3 Qa5 19. Qxa5 Nxa5 20. Bxe4 dxe4
21. Rxe4 Rec8 22. Bc5 Bf5 23. Rbe1 Bxe4 24. Rxe4 Nc4 25. h4 b6 0-1